000 00940nas a2200265 4500
001 BR9200679
003 BR-BrBNA
005 20231205092306.0
007 ta
008 230509b bl.|||p| |||| 00| 00por d
040 _aBR-BrBNA
_bpor
_cBiblioteca Nacional de Agricultura
041 _a(Pt)
072 _aH20
100 1 _aFreitas, S.S.
100 1 _aPizzinatto, M.A.
245 1 _aInteracoes de Pseudomonas sp. e Fusarium oxysporum f.sp. lycopersici na rizosfera de tomateiro (Lycopersicon esculentum)
246 1 _aInteractions between Pseudomonas sp. and Fusarium oxysporum f.sp. lycopersici in tomato rhizosphere (Lycopersicon esculentum)
650 _aTOMATE
650 _aBACTERIA
650 _aFUSARIOSE
650 _aCONTROLE BIOLOGICO
773 0 _tSumma Phytopathologica (Brazil)
_xISSN 0100-5405
_g(Apr-Jun 1991), v. 17(2) p. 105-112
_wBR9200679
909 _a202311
_bLúcia
_c55
_dLúcia Elande
942 _2AGRIS
_n0
_cANA
999 _c130707
_d130707